000 00603nam a2200253Ia 4500
008 210210b2001 xxu||||| |||| 00| 0 eng d
020 _a817054338X
041 _aeng
082 _a820.9 PATT
100 _aPATRA (Pradip Kumar)
245 _aTheme of moral depravity in Golding and Marquez
260 _aNew Delhi
_bClassical publishing company
_c2001
300 _ax--198
650 _aTheme
650 _aof
650 _amoral
650 _aMarquez
650 _ain
650 _aGolding
650 _adepravity
650 _aand
690 _aEnglish Literature
906 _a063449
999 _c136176
_d136176